Ładuje się......

History of the world

Opis bibliograficzny
1. autor: Weech W N
Format: Printed Book
Wydane: Delhi: Omsons publications.
Hasła przedmiotowe:
LEADER 00394nam a22001214a 4500
082 |a 909 
100 |a Weech W N , 
260 |a Delhi:  |b Omsons publications. 
650 |a History of the world 
245 |a History of the world  |c by W N Weech 
942 |c BK 
999 |c 247263  |d 247263 
952 |0 0  |1 0  |4 0  |6 909_000000000000000_WEE  |7 0  |8 G  |9 262616  |a HIS  |b HIS  |d 2020-01-04  |l 0  |o 909 WEE  |p HIS9949  |r 2020-01-04  |t 1  |w 2020-01-04  |y BK